Ustojčivost' principov optimal'nosti
Salvato in:
| Autore principale: | |
|---|---|
| Natura: | Libro |
| Lingua: | russo |
| Pubblicazione: |
Moskva
Nauka
1987
|
| Edizione: | 1. izd. |
| Serie: | Optimizacija i issledovanije operacij
Vyp.21 |
| Tags: |
Nessun Tag, puoi essere il primo ad aggiungerne!!
|
MARC
| LEADER | 00000nam a2200000 4500 | ||
|---|---|---|---|
| 001 | c023026 | ||
| 005 | 20221219133614.3 | ||
| 041 | 0 | |a rus | |
| 044 | |a RU | ||
| 245 | 1 | 0 | |a Ustojčivost' principov optimal'nosti |c Dmitrij Anatol'jevič Molodcov |
| 250 | |a 1. izd. | ||
| 264 | 1 | |a Moskva |b Nauka |c 1987 | |
| 300 | |a 280 s. | ||
| 490 | 1 | |a Optimizacija i issledovanije operacij |v Vyp.21 | |
| 830 | 0 | |a Optimizacija i issledovanije operacij |v Vyp.21 | |
| 100 | 1 | |a Molodcov, Dmitrij Anatol'jevič | |